Museums and the future of collecting
Αποθηκεύτηκε σε:
| Άλλοι συγγραφείς: | |
|---|---|
| Μορφή: | Βιβλίο |
| Γλώσσα: | English |
| Δημοσίευση: |
Aldershot, Hampshire, Great Britain :
Ashgate,
2004.
|
| Έκδοση: | 2η εκδ. |
| Θέματα: | |
| Ετικέτες: |
Προσθήκη ετικέτας
Δεν υπάρχουν, Καταχωρήστε ετικέτα πρώτοι!
|
MARC
| LEADER | 00000cam a2200000 i 4500 | ||
|---|---|---|---|
| 001 | 1/102037 | ||
| 008 | 090303s2004 eng d | ||
| 020 | |a 0-7546-3005-6 | ||
| 035 | |l 10103502 | ||
| 040 | |a GR-MY-UA |b gre |e aacr | ||
| 041 | 0 | |a eng | |
| 082 | 0 | |a 069.51 |2 (22) | |
| 245 | 1 | 0 | |a Museums and the future of collecting / |c edited by Simon J. Knell. |
| 250 | |a 2η εκδ. | ||
| 260 | |a Aldershot, Hampshire, Great Britain : |b Ashgate, |c 2004. | ||
| 300 | |a vii, 266 σ. : |b εικ. ; |c 24 εκ. | ||
| 500 | |a Πρωτότυπες εργασίες που παρουσιάστηκαν σε συνέδριο που διοργανώθηκε από το τμήμα του Museum Studies at the University of Leicester. | ||
| 504 | |a Περιέχει βιβλιογραφικές παραπομπές και ευρετήριο. | ||
| 650 | 0 | 0 | |a Museums |x Acquisitions |x Congresses. |
| 700 | 1 | |a Knell, Simon J. |e edt | |
| 852 | |a INST |b LESVOS |e 20090303 |h 069.51 MUS |p 005100044010 |q 005100044010 |t BK |y 0 | ||
| 901 | |a BIBL1-2009-1 | ||
| 909 | |a Λ |b 154039 | ||
| 922 | |a 1ΕΛΗ |b 200809 |c ΕΠΕΑΕΚ2/ΠΤΕ |d ΜΙΧΑΛΟΠΟΥΛΟΣ | ||
| 970 | |a ΚΑΡΑ |b ΓΙΑΣΕΜΗ |z 2009/03/03 | ||